Matematická štatistika

Gespeichert in:
Bibliographische Detailangaben
1. Verfasser: Varga, Štefan, 1945-
Format: Buch
Sprache:Slowakisch
Veröffentlicht: V Bratislave Slovenská technická univerzita 2012
Ausgabe:1. vyd.
Schriftenreihe:Edícia vysokoškolských učebníc
Schlagworte:
Online-Zugang:Im OPAC anzeigen
Tags: Tag hinzufügen
Keine Tags, Fügen Sie das erste Tag hinzu!

MARC

LEADER 00000cam a2200000 a 4500
005 20260128020006.0
008 150827s2012 xo da e 001 0 slo
015 |a SNBA2013/04 
020 |a 9788022737890 (brož.) 
035 |a vtls010461496 
035 |a 7264E75C-CF80-4B89-ADD8-A3FADAF15BF2 
035 |a urn:nbn:sk:snk-amjlsy 
035 |a urn:nbn:sk:snk-am001ok5 
039 9 |a 201508271446  |b VLOAD  |c 201508271116  |d VLOAD  |c 201508051010  |d VLOAD  |c 201507241027  |d VLOAD  |y 201210181039  |z msvkbb04 
040 |a SVKBB  |b slo  |c SVKBB  |d SNK  |d STUSCHK1  |e AACR2 
041 0 |a slo 
044 |a xo  |c SK 
072 7 |a 519  |x Kombinatorika. Teória grafov. Matematická štatistika. Operačný výskum. Matematické modelovanie  |2 konspekt 
080 |a 519.22  |2 2001 
080 |a (075.8)  |2 2001 
100 1 |a Varga, Štefan,  |d 1945-  |9 334 
245 1 0 |a Matematická štatistika  |c Štefan Varga 
250 |a 1. vyd. 
260 |a V Bratislave  |b Slovenská technická univerzita  |c 2012 
300 |a 219 s.  |b grafy, tab.,  |c 24 cm 
490 1 |a Edícia vysokoškolských učebníc 
504 |a Bibliogr. s. 217. Reg. 
650 0 7 |a matematická štatistika  |2 SNKPH 
650 0 7 |a Mathematical statistics  |2 SNKPHeng 
655 7 |a učebnice vysokých škôl 
655 7 |a Textbooks (higher)  |2 SNKPHeng 
810 2 |a Slovenská technická univerzita (Bratislava, Slovensko).  |b Fakulta chemickej a potravinárskej technológie  |t Edícia vysokoškolských učebníc 
830 0 |a Edícia vysokoškolských učebníc 
919 |a 978-80-227-3789-0 
958 |a NB 
999 |c 1613  |d 1613 
942 0 0 |0 8